00741cam a22003134i 4500003000900000005001700009008004100026035001900067040003300086082001700119100003500136245006000171264000500231336002100236337002500257338002300282526001000305526001000315526001000325526001000335526000800345526000800353526000800361526000800369526000800377526000800385526000800393650002600401PE-LiUPU20250731173222.0150625s r 000 0 d a(Sirsi) a33812 aPE-LiUPUbspacPE-LiUPUerda04a291bT122211 aTacchi Venturi, Pedro,eautor.10aHistoria de las religiones.n1 /cPedro Tacchi Venturi. 1a atext2rdacontent aunmediated2rdamedia avolume2rdacarrier aSEG42 aSEG41 aSEG40 aSEG39 aP94 aP87 aP86 aP85 aP77 aP76 aP3504aReligionesxHistoria.